[Event "FIDE World Rapid 2014"]
[Site "Dubai UAE"]
[Date "2014.06.17"]
[Round "9.16"]
[White "Wojtaszek, Radoslaw"]
[Black "Yudin, Sergei"]
[Result "1/2-1/2"]
[WhiteTitle "GM"]
[BlackTitle "GM"]
[WhiteElo "2715"]
[BlackElo "2546"]
[WhiteFideId "1118358"]
[BlackFideId "4159659"]
[EventDate "2014.06.16"]

1. d4 d5 2. c4 e6 3. Nc3 c6 4. e3 Bd6 5. Bd3 f5 6. f4 Nf6 7. Nf3 O-O 8. O-O b6
9. Bd2 Ba6 10. Qe2 Ne4 11. Rac1 Nd7 12. cxd5 Bxd3 13. Qxd3 exd5 14. Ne5 Nxe5 15.
fxe5 Be7 16. Nxe4 fxe4 17. Qb3 c5 18. Rxf8+ Bxf8 19. Rf1 Qd7 20. Be1 c4 21. Qd1
Be7 22. b4 Bg5 23. Qe2 Rc8 24. Bc3 a6 25. h3 Qe6 26. Kh2 g6 27. Kg1 Rf8 28.
Rxf8+ Kxf8 29. Qf2+ Qf5 30. a4 b5 31. a5 Kf7 32. Bd2 Qxf2+ 33. Kxf2 h5 34. g3
Ke6 35. Bc3 Be7 36. Bd2 Bg5 37. Bc3 Be7 38. Bd2 1/2-1/2

[Event "FIDE World Rapid 2014"]
[Site "Dubai UAE"]
[Date "2014.06.17"]
[Round "9.17"]
[White "Najer, Evgeniy"]
[Black "Malakhov, Vladimir"]
[Result "0-1"]
[WhiteTitle "GM"]
[BlackTitle "GM"]
[WhiteElo "2653"]
[BlackElo "2694"]
[WhiteFideId "4118987"]
[BlackFideId "4120787"]
[EventDate "2014.06.16"]

1. e4 e5 2. Nf3 Nc6 3. Bb5 Nf6 4. d3 Bc5 5. c3 O-O 6. O-O Re8 7. Bg5 h6 8. Bh4
Bf8 9. Nbd2 d6 10. Re1 Bd7 11. Nf1 g6 12. a4 Bg7 13. a5 Qc8 14. a6 b6 15. Bxf6
Bxf6 16. Qa4 Nb8 17. Bxd7 Qxd7 18. Qc4 Nc6 19. Ne3 Ne7 20. Nd5 Nxd5 21. exd5 b5
22. Qb3 c5 23. Nd2 Rab8 24. Qa2 Bg5 25. Ne4 f5 26. Nxg5 hxg5 27. b4 Rbc8 28. h3
c4 29. Qd2 cxd3 30. Qxd3 Rc4 31. Re3 e4 32. Qd2 f4 33. Re2 Re5 34. Ra5 Kh7 35.
Kh2 Qe8 36. Kg1 Kg7 37. Kf1 Qd7 38. Kg1 f3 39. Re3 g4 40. g3 gxh3 41. Kh2 g5 42.
Qd1 g4 43. Qd2 Kg6 44. Re1 Rc8 45. Qe3 Rc4 46. Rd1 Re8 47. Re1 Rf8 48. Rd1 Qg7
49. Rd4 Rxd4 50. cxd4 Re8 51. Rxb5 Qh6 52. Qc3 e3 53. Qc2+ Kf6 54. Rb7 exf2 55.
Qc6 f1=N+ 0-1

[Event "FIDE World Rapid 2014"]
[Site "Dubai UAE"]
[Date "2014.06.17"]
[Round "9.18"]
[White "Safarli, Eltaj"]
[Black "Vallejo Pons, Francisco"]
[Result "1/2-1/2"]
[WhiteTitle "GM"]
[BlackTitle "GM"]
[WhiteElo "2649"]
[BlackElo "2698"]
[WhiteFideId "13402129"]
[BlackFideId "2205530"]
[EventDate "2014.06.16"]

1. e4 e5 2. Nf3 Nc6 3. Bb5 Nf6 4. O-O Nxe4 5. Qe2 Ng5 6. Nxg5 Qxg5 7. d4 Qf5 8.
dxe5 Nd4 9. Qd3 Qxd3 10. Bxd3 d5 11. exd6 Bxd6 12. Re1+ Be6 13. Be3 Nc6 14. Bb5
Kd7 15. Bd4 Rhg8 16. Nd2 a6 17. Bxc6+ Kxc6 18. Nf3 Rad8 19. Ne5+ Bxe5 20. Bxe5
b5 21. Rad1 Rxd1 22. Rxd1 f6 23. Bf4 a5 24. a3 Bf5 25. f3 Re8 26. Kf2 h5 27. h4
Re7 28. c3 a4 29. Rd2 Rd7 30. Rxd7 Kxd7 31. Ke3 c6 32. Kd4 Be6 33. Ke3 Bf5 34.
Kd4 Be6 35. Ke3 Bf5 1/2-1/2

[Event "FIDE World Rapid 2014"]
[Site "Dubai UAE"]
[Date "2014.06.17"]
[Round "9.19"]
[White "Ragger, Markus"]
[Black "Adly, Ahmed"]
[Result "0-1"]
[WhiteTitle "GM"]
[BlackTitle "GM"]
[WhiteElo "2632"]
[BlackElo "2594"]
[WhiteFideId "1610856"]
[BlackFideId "10601619"]
[EventDate "2014.06.16"]

1. d4 d5 2. c4 e6 3. Nf3 Nf6 4. g3 dxc4 5. Bg2 c5 6. O-O Nc6 7. Qa4 Bd7 8. Qxc4
b5 9. Qd3 Rc8 10. dxc5 Bxc5 11. a3 b4 12. Nbd2 O-O 13. Nb3 Be7 14. Rd1 Qc7 15.
Qc4 e5 16. axb4 Be6 17. Qc2 Qb8 18. Nbd2 Nd4 19. Nxd4 Rxc2 20. Nxc2 Rc8 21. Ne3
Bxb4 22. Nf3 h6 23. Nh4 a5 24. Nhf5 Rd8 25. Rf1 Qb5 26. Nh4 e4 27. Bh1 g5 28.
Nhg2 Qxe2 29. h4 Kg7 30. b3 Nd7 31. Rb1 Ne5 32. Ne1 Bxe1 33. Bb2 Bxf2+ 34. Rxf2
Qxe3 35. Bxe5+ Kg6 36. Rf1 Rd2 37. hxg5 hxg5 38. Bc7 Rxf2 39. Rxf2 Qc1+ 40. Kh2
Qxc7 0-1

[Event "FIDE World Rapid 2014"]
[Site "Dubai UAE"]
[Date "2014.06.17"]
[Round "9.20"]
[White "Potkin, Vladimir"]
[Black "Polgar, Judit"]
[Result "1/2-1/2"]
[WhiteTitle "GM"]
[BlackTitle "GM"]
[WhiteElo "2621"]
[BlackElo "2685"]
[WhiteFideId "4131061"]
[BlackFideId "700070"]
[EventDate "2014.06.16"]

1. d4 Nf6 2. c4 e6 3. Nf3 b6 4. g3 Bb4+ 5. Bd2 a5 6. Bg2 Bb7 7. O-O O-O 8. Bf4
Be7 9. Qc2 Be4 10. Qc1 Na6 11. Nc3 Bb7 12. Rd1 d5 13. cxd5 Nxd5 14. Nxd5 Bxd5
15. Ne5 Bxg2 16. Kxg2 Nb4 17. e4 Bd6 18. a3 Na6 19. Qc4 Qe8 20. Rac1 b5 21. Qc6
f6 22. Nd3 Qxc6 23. Rxc6 Nb8 24. Rc2 Rd8 25. e5 fxe5 26. dxe5 Bf8 27. Rxc7 Na6
28. Rcc1 Rac8 29. Rxc8 Rxc8 30. Be3 a4 31. Nf4 Rc6 32. Rd8 Kf7 33. Ra8 Nc7 34.
Ra7 Bc5 35. Bxc5 Rxc5 36. Kf3 g5 37. Ne2 Rc4 38. Ke3 Kg6 39. Nd4 g4 40. Rb7 Rc5
41. Ke4 Rc4 42. Rb8 Rc1 43. Rg8+ Kf7 44. Rc8 Re1+ 45. Kf4 Nd5+ 46. Kxg4 Re4+ 47.
f4 Rxd4 48. Rb8 b4 49. axb4 Rxb4 50. Ra8 Nb6 51. Ra7+ Kg6 52. Re7 h5+ 53. Kh4
Nd5 54. Rxe6+ Kf5 55. Ra6 Rxb2 56. h3 Ra2 57. Kxh5 a3 58. e6 Kf6 59. Ra5 Kxe6
60. f5+ Kd6 61. Kg5 Ra1 62. f6 a2 63. Ra6+ Kd7 64. Ra7+ Ke8 65. Ra8+ Kf7 66.
Ra7+ Ke6 67. Ra6+ Kd7 68. Ra7+ Ke8 69. Ra8+ Kf7 70. Ra7+ 1/2-1/2

[Event "FIDE World Rapid 2014"]
[Site "Dubai UAE"]
[Date "2014.06.17"]
[Round "9.21"]
[White "Iturrizaga Bonelli, Eduardo"]
[Black "Inarkiev, Ernesto"]
[Result "1-0"]
[WhiteTitle "GM"]
[BlackTitle "GM"]
[WhiteElo "2653"]
[BlackElo "2682"]
[WhiteFideId "3901211"]
[BlackFideId "4162722"]
[EventDate "2014.06.16"]

1. Nf3 Nf6 2. c4 c6 3. Nc3 d5 4. e3 e6 5. Qc2 a6 6. b3 Bd6 7. d4 O-O 8. Bb2 c5
9. cxd5 exd5 10. dxc5 Bxc5 11. Rd1 Bd6 12. Be2 Nc6 13. O-O Be6 14. Ng5 h6 15.
Nxe6 fxe6 16. g3 Rc8 17. Bf3 Qa5 18. Bg2 Ne5 19. a3 Rf7 20. b4 Qd8 21. Qb3 Nc4
22. Ba1 Qc7 23. e4 dxe4 24. Nxe4 Nxe4 25. Bxe4 Be5 26. Bxe5 Qxe5 27. Rfe1 Qf6
28. Re2 b5 29. a4 Rd8 30. axb5 axb5 31. Bc6 Rxd1+ 32. Qxd1 Ne5 33. Qd6 Nxc6 34.
Qxc6 Qd4 35. Qe8+ Rf8 36. Qxe6+ Kh8 37. Qe4 Rd8 38. Kg2 Qf6 39. h4 Rc8 40. Qd5
Rb8 41. Re6 Qc3 42. Qe5 Qxe5 43. Rxe5 Kg8 44. h5 Kf7 45. f4 Rb6 46. Kf3 g6 47.
hxg6+ Kxg6 48. Kg4 Kg7 49. Kh5 Kf7 50. g4 Rc6 51. Rxb5 Rc4 52. Kxh6 Rc1 53. Kg5
Ke6 54. f5+ Ke7 55. Re5+ Kf7 56. Rc5 1-0

[Event "FIDE World Rapid 2014"]
[Site "Dubai UAE"]
[Date "2014.06.17"]
[Round "9.22"]
[White "Volokitin, Andrei"]
[Black "Zhigalko, Sergei"]
[Result "0-1"]
[WhiteTitle "GM"]
[BlackTitle "GM"]
[WhiteElo "2638"]
[BlackElo "2678"]
[WhiteFideId "14107090"]
[BlackFideId "13502956"]
[EventDate "2014.06.16"]

1. e4 c5 2. Nf3 Nc6 3. d4 cxd4 4. Nxd4 Nf6 5. Nc3 e5 6. Ndb5 d6 7. Bg5 a6 8. Na3
b5 9. Bxf6 gxf6 10. Nd5 Bg7 11. c4 f5 12. Bd3 Ne7 13. Nxe7 Qxe7 14. O-O O-O 15.
Qf3 bxc4 16. Nxc4 d5 17. exd5 e4 18. Qe3 Bb7 19. d6 Qf6 20. Bc2 f4 21. Qh3 Rad8
22. Rad1 Rfe8 23. Bb3 Ba8 24. Qh5 Bc6 25. a4 Rb8 26. d7 Bxd7 27. Rxd7 Rxb3 28.
Nd6 Re5 29. Qxf7+ Qxf7 30. Nxf7 Rf5 31. Nd8 Bxb2 32. Ne6 Rb6 33. Rb1 e3 34. Nc7
e2 35. Re7 Re5 36. Nd5 Rxd5 37. Rxe2 Bf6 38. Rc1 Rc5 39. Rce1 Kf7 40. Re4 Re5
41. g3 Rxe4 42. Rxe4 f3 43. h4 Rb1+ 44. Kh2 Rf1 45. Kh3 Rxf2 46. Kg4 Rf1 47. Rf4
Ke6 48. Rb4 a5 49. Rb6+ Ke5 50. Ra6 h5+ 51. Kxh5 f2 52. Kg6 Bxh4 53. Rxa5+ Ke4
54. gxh4 Rg1+ 0-1

[Event "FIDE World Rapid 2014"]
[Site "Dubai UAE"]
[Date "2014.06.17"]
[Round "9.23"]
[White "Matlakov, Maxim"]
[Black "Efimenko, Zahar"]
[Result "1/2-1/2"]
[WhiteTitle "GM"]
[BlackTitle "GM"]
[WhiteElo "2689"]
[BlackElo "2648"]
[WhiteFideId "4168003"]
[BlackFideId "14107201"]
[EventDate "2014.06.16"]

1. Nf3 Nf6 2. g3 b6 3. Bg2 Bb7 4. O-O e6 5. d3 c5 6. e4 d6 7. Nc3 a6 8. Ng5 h6
9. Nh3 Nc6 10. f4 Be7 11. f5 e5 12. Nf2 Nd4 13. Nb1 b5 14. c3 Nc6 15. Nd2 Qc7
16. Nf3 Rd8 17. Qe2 Nb8 18. g4 Nbd7 19. a4 d5 20. axb5 axb5 21. exd5 Bxd5 22. h4
Kf8 23. Nd2 Bxg2 24. Kxg2 Nd5 25. Nf3 f6 26. Ne4 Kf7 27. c4 bxc4 28. dxc4 Nb4
29. g5 hxg5 30. hxg5 Qc6 31. g6+ Ke8 32. Bd2 Nc2 33. Rh1 Rg8 34. Rac1 Nd4 35.
Nxd4 exd4 36. Bf4 Ne5 37. Bxe5 fxe5 38. Qf3 d3 39. Rcd1 Rd4 40. Rhe1 Rf8 41.
Rxd3 Rxd3 42. Qxd3 Rxf5 43. Qd5 Qxg6+ 44. Ng3 Rg5 45. Re3 Qc2+ 46. Kh3 Qh7+ 47.
Kg2 Qc2+ 48. Kh3 Qh7+ 49. Kg2 Qc2+ 50. Kh3 1/2-1/2

[Event "FIDE World Rapid 2014"]
[Site "Dubai UAE"]
[Date "2014.06.17"]
[Round "9.24"]
[White "Onischuk, Vladimir"]
[Black "Dubov, Daniil"]
[Result "1-0"]
[WhiteTitle "GM"]
[BlackTitle "GM"]
[WhiteElo "2594"]
[BlackElo "2614"]
[WhiteFideId "14114038"]
[BlackFideId "24126055"]
[EventDate "2014.06.16"]

1. e4 c5 2. Nf3 e6 3. b3 d6 4. Bb2 Nf6 5. e5 dxe5 6. Nxe5 Nbd7 7. f4 Qc7 8. Na3
a6 9. Qf3 Rb8 10. Nac4 b5 11. Nxd7 Nxd7 12. Ne5 Bb7 13. Qg3 Nf6 14. a4 Ne4 15.
Qe3 Nd6 16. axb5 Nxb5 17. Bd3 Be7 18. O-O O-O 19. Qh3 f5 20. Bc4 Rf6 21. Nf3 Rg6
22. Rae1 Bc8 23. Qxf5 Nd6 24. Be5 Rb4 25. Qd3 Qc6 26. Bxd6 Qxd6 27. Qxd6 Bxd6
28. f5 Rf6 29. fxe6 Be7 30. Ne5 Rb6 31. Rxf6 gxf6 32. Nd7 Bxd7 33. exd7+ Kf8 34.
Be6 a5 35. g4 Rd6 36. d3 Rd4 37. Bf5 h6 38. Kg2 Rb4 39. Re6 a4 40. Ra6 axb3 41.
Ra8+ Kf7 42. cxb3 Rd4 43. Kf3 Rd5 44. Ke4 Rd4+ 45. Ke3 Rd5 46. Rh8 Bf8 47. h4
Rd6 48. h5 Rd4 49. b4 Rd5 50. b5 1-0

[Event "FIDE World Rapid 2014"]
[Site "Dubai UAE"]
[Date "2014.06.17"]
[Round "9.25"]
[White "Sargissian, Gabriel"]
[Black "Riazantsev, Alexander"]
[Result "1/2-1/2"]
[WhiteTitle "GM"]
[BlackTitle "GM"]
[WhiteElo "2686"]
[BlackElo "2692"]
[WhiteFideId "13300881"]
[BlackFideId "4125029"]
[EventDate "2014.06.16"]

1. c4 e6 2. g3 d5 3. Bg2 Nf6 4. Nf3 dxc4 5. Qa4+ Nbd7 6. Qxc4 c5 7. Qc2 Rb8 8.
Nc3 b5 9. d3 Bd6 10. O-O O-O 11. a4 a6 12. axb5 axb5 13. Ng5 Bb7 14. Nge4 Nxe4
15. Nxe4 Be7 16. Be3 Bd5 17. Ra7 Rc8 18. Nc3 Bxg2 19. Kxg2 Ra8 20. Rfa1 Rxa7 21.
Rxa7 Qb6 22. Ra1 Rc8 23. Qb3 Qc6+ 24. Kg1 b4 25. Ne4 h6 26. Ra7 Ra8 27. Qa2 Rxa7
28. Qxa7 Bf8 29. b3 Qd5 30. Qc7 f5 31. Nd2 Ne5 32. f3 Kh7 33. Kf2 Bd6 34. Qc8
Be7 35. h4 Qd7 36. Qa6 g5 37. hxg5 hxg5 38. Nc4 Nxc4 39. Qxc4 Qd5 40. g4 Qxc4
41. dxc4 f4 42. Bd2 e5 43. e3 Kg6 44. Ke2 Kf6 45. Kd3 Ke6 46. Ke4 Bd6 47. Bc1
Bc7 48. Bb2 Bd6 49. exf4 exf4 50. Bg7 Bc7 51. Bh8 Bd6 52. Bb2 Bb8 53. Ba1 Bd6
54. Bg7 Bc7 55. Bf8 Bb6 56. Bh6 Bd8 57. Bg7 1/2-1/2

[Event "FIDE World Rapid 2014"]
[Site "Dubai UAE"]
[Date "2014.06.17"]
[Round "9.27"]
[White "Salgado Lopez, Ivan"]
[Black "Eljanov, Pavel"]
[Result "1/2-1/2"]
[WhiteTitle "GM"]
[BlackTitle "GM"]
[WhiteElo "2622"]
[BlackElo "2723"]
[WhiteFideId "2257327"]
[BlackFideId "14102951"]
[EventDate "2014.06.16"]

1. e4 c6 2. Nf3 d5 3. Nc3 dxe4 4. Nxe4 Nf6 5. Nxf6+ exf6 6. Bc4 Be7 7. h3 O-O 8.
O-O Bd6 9. Re1 Bf5 10. Nh4 Bg6 11. d4 Nd7 12. Nxg6 hxg6 13. Qg4 Kh7 14. Qh4+ Kg8
15. Bb3 a5 16. a4 Qc7 17. Bd2 Rfe8 18. Rxe8+ Rxe8 19. Re1 Rxe1+ 20. Bxe1 f5 21.
Qg5 Nf8 22. Qe3 b6 23. Qe8 Qd7 24. Qxd7 Nxd7 25. Bd2 Kf8 26. Kf1 Nf6 27. Ke2 Ne4
28. Be1 Ke7 29. c3 g5 30. Bc2 g6 31. b4 axb4 32. cxb4 Nf6 33. Bb3 Nd5 34. Bxd5
cxd5 35. g4 fxg4 36. hxg4 b5 37. axb5 Kd7 38. Bd2 f6 39. Kd3 Kc7 40. Kc2 Kb6 41.
Kb3 Kxb5 42. f3 Bg3 43. Bc3 Bf2 44. Bb2 Be1 45. Ba3 Bd2 46. Bb2 Bxb4 47. Ba1 1/2-1/2

[Event "FIDE World Rapid 2014"]
[Site "Dubai UAE"]
[Date "2014.06.17"]
[Round "9.30"]
[White "Amin, Bassem"]
[Black "Mamedov, Rauf"]
[Result "1/2-1/2"]
[WhiteTitle "GM"]
[BlackTitle "GM"]
[WhiteElo "2635"]
[BlackElo "2659"]
[WhiteFideId "10601457"]
[BlackFideId "13401653"]
[EventDate "2014.06.16"]

1. e4 c5 2. Nf3 d6 3. g3 g6 4. Bg2 Bg7 5. O-O Nf6 6. c3 O-O 7. Re1 Nc6 8. h3 e5
9. d3 h6 10. a3 Be6 11. b4 b6 12. Bb2 Qc8 13. Kh2 Rd8 14. Nbd2 Qc7 15. Rc1 Qe7
16. d4 exd4 17. cxd4 Nd7 18. Ba1 Nxd4 19. Nxd4 cxd4 20. Nf3 Ne5 21. Nxd4 Rac8
22. Rxc8 Rxc8 23. f4 Nc4 24. Qd3 Bd7 25. b5 d5 26. Nc6 Bxc6 27. Bxg7 Bb7 28. Ba1
dxe4 29. Qd4 f6 30. Bxe4 Bxe4 31. Rxe4 Qd6 32. Qxf6 Qd2+ 33. Kg1 Ne5 34. Qe6+
Kh7 35. Qe7+ Kg8 36. Qe6+ Kh7 1/2-1/2

[Event "FIDE World Rapid 2014"]
[Site "Dubai UAE"]
[Date "2014.06.17"]
[Round "9.31"]
[White "Hansen, Eric"]
[Black "Moiseenko, Alexander"]
[Result "0-1"]
[WhiteTitle "GM"]
[BlackTitle "GM"]
[WhiteElo "2584"]
[BlackElo "2707"]
[WhiteFideId "2606771"]
[BlackFideId "14102560"]
[EventDate "2014.06.16"]

1. e4 c5 2. Nf3 Nc6 3. Bb5 e6 4. O-O Nge7 5. Re1 Nd4 6. Nxd4 cxd4 7. c3 Nc6 8.
d3 Bc5 9. Qg4 O-O 10. Qg3 d6 11. Nd2 dxc3 12. bxc3 e5 13. Nf3 Kh8 14. d4 exd4
15. Bxc6 bxc6 16. cxd4 Bb4 17. Bg5 f6 18. Bd2 Bxd2 19. Nxd2 Be6 20. Nf3 Rb8 21.
Rac1 Qd7 22. Rc2 Rb4 23. h3 Rfb8 24. Ree2 h6 25. Rcd2 Bc4 26. Re3 Rb1+ 27. Kh2
Ra1 28. Re1 Rxa2 29. e5 dxe5 30. Rxa2 Bxa2 31. dxe5 Qc7 32. Nh4 Bd5 33. f4 fxe5
34. Rxe5 Qf7 35. Re7 Qf6 36. f5 Rd8 37. Rxa7 Bf7 38. Rc7 Kg8 39. Nf3 Qd6 40.
Qxd6 Rxd6 41. Rc8+ Kh7 42. Ne5 Bd5 43. Ng6 Bg8 44. g4 Rd2+ 45. Kg3 Rd3+ 46. Kg2
Rd2+ 47. Kg3 Rd3+ 48. Kg2 Rd2+ 49. Kf1 Rh2 50. Nf8+ Kh8 51. h4 Rc2 52. Ng6+ Kh7
53. Nf8+ Kh8 54. g5 hxg5 55. hxg5 Rc5 56. Ng6+ Kh7 57. Ne7 Re5 58. Re8 Bc4+ 59.
Kf2 g6 60. Rh8+ Kg7 61. f6+ Kf7 62. Rh7+ Ke6 63. Nxg6 Rxg5 64. f7 Rf5+ 65. Ke3 0-1

[Event "FIDE World Rapid 2014"]
[Site "Dubai UAE"]
[Date "2014.06.17"]
[Round "9.32"]
[White "Kasimdzhanov, Rustam"]
[Black "Salem, A.R. Saleh"]
[Result "1/2-1/2"]
[WhiteTitle "GM"]
[BlackTitle "GM"]
[WhiteElo "2700"]
[BlackElo "2581"]
[WhiteFideId "14200244"]
[BlackFideId "9301348"]
[EventDate "2014.06.16"]

1. e4 e5 2. Nf3 Nc6 3. Bb5 f5 4. d3 fxe4 5. dxe4 Nf6 6. O-O Bc5 7. Qd3 Nd4 8.
Nxd4 Bxd4 9. c3 Bb6 10. Bc4 d6 11. a4 a6 12. a5 Ba7 13. Be3 Bxe3 14. Qxe3 Qe7
15. Nd2 Be6 16. Qe2 O-O 17. f3 Kh8 18. Bxe6 Qxe6 19. Qc4 Qe7 20. Rfe1 Nh5 21. b4
Qg5 22. Ra2 c6 23. Kh1 Rf6 24. Nf1 Rh6 25. Kg1 Rf8 26. Qd3 Nf4 27. Qe3 Rg6 28.
Kh1 h5 29. g3 Nh3 30. Kg2 Nf4+ 31. Kh1 Nh3 32. Kg2 Nf4+ 1/2-1/2

[Event "FIDE World Rapid 2014"]
[Site "Dubai UAE"]
[Date "2014.06.17"]
[Round "9.33"]
[White "Aleksandrov, Aleksej"]
[Black "Milov, Vadim"]
[Result "1-0"]
[WhiteTitle "GM"]
[BlackTitle "GM"]
[WhiteElo "2554"]
[BlackElo "2622"]
[WhiteFideId "13500139"]
[BlackFideId "1304364"]
[EventDate "2014.06.16"]

1. d4 d5 2. c4 c6 3. Nc3 Nf6 4. e3 a6 5. Qc2 b5 6. b3 Bg4 7. Nge2 Bh5 8. Nf4 Bg6
9. Nxg6 hxg6 10. Be2 Nbd7 11. Bb2 e6 12. h3 Bd6 13. a3 dxc4 14. bxc4 O-O 15. O-O
e5 16. c5 Be7 17. dxe5 Nxe5 18. Nxb5 axb5 19. Bxe5 Ra4 20. Rfd1 Qa8 21. Bd6 Re8
22. Bf3 Nd7 23. Rd4 Ra6 24. Bxe7 Rxe7 25. Rad1 Qa7 26. Re4 Nf8 27. Rxe7 Qxe7 28.
Rd6 Rxa3 29. Bxc6 Ra1+ 30. Kh2 Qe5+ 31. g3 b4 32. Rd4 Ne6 33. Rxb4 Qxc5 34. Rb8+
Kh7 35. Qe4 Qf5 36. Qh4+ Qh5 37. Qxh5+ gxh5 38. Rb7 f6 39. Bd5 Nc5 40. Rc7 Ra5
41. Kg2 Kh6 42. h4 Nd3 43. Bb3 Ne5 44. Rc8 g6 45. Rc7 Ra8 46. e4 Rb8 47. Bd5 g5
48. hxg5+ fxg5 49. Re7 Ng4 50. e5 Rb2 51. Be4 Ne3+ 52. Kf3 1-0

[Event "FIDE World Rapid 2014"]
[Site "Dubai UAE"]
[Date "2014.06.17"]
[Round "9.34"]
[White "Lenic, Luka"]
[Black "Antipov, Mikhail Al."]
[Result "1-0"]
[WhiteTitle "GM"]
[BlackTitle "GM"]
[WhiteElo "2659"]
[BlackElo "2502"]
[WhiteFideId "14603853"]
[BlackFideId "4107012"]
[EventDate "2014.06.16"]

1. d4 Nf6 2. c4 e6 3. Nc3 Bb4 4. e3 O-O 5. Bd3 c5 6. Nf3 d5 7. O-O Nc6 8. cxd5
exd5 9. dxc5 Bxc5 10. h3 Be6 11. b3 Qe7 12. Bb2 Rad8 13. Nb5 Ne4 14. Rc1 Rfe8
15. Nbd4 Nxd4 16. Bxd4 Bd6 17. Rc2 b6 18. Bb2 Bb8 19. Bb5 Rf8 20. Nd4 Bd7 21.
Bxd7 Qxd7 22. Nc6 Rc8 23. Nxb8 Rxb8 24. Qd4 f6 25. Rfc1 Nc5 26. Rd1 Rfd8 27.
Rcd2 Qe6 28. Qg4 Rbc8 29. Rxd5 Rxd5 30. Rxd5 Qxd5 31. Qxc8+ Kf7 32. Bd4 Ne6 33.
Qc3 h5 34. a4 Qe4 35. Qc4 Kg6 36. f3 Qb1+ 37. Kh2 Kf7 38. e4 Qe1 39. Bc3 Qc1 40.
Qd3 Nc5 41. Qd5+ Ke7 42. Bd2 Qd1 43. b4 Nb3 44. Qb7+ Kf8 45. Bf4 Nd4 46. Qa8+
Kf7 47. Qd5+ Kg6 48. e5 Kf5 49. Qe4+ Ke6 50. exf6+ Kf7 51. Qe7+ Kg6 52. Qxg7+
Kf5 53. Qg5+ Ke6 54. Qe5+ Kf7 55. Qd5+ 1-0

[Event "FIDE World Rapid 2014"]
[Site "Dubai UAE"]
[Date "2014.06.17"]
[Round "9.35"]
[White "Fedoseev, Vladimir3"]
[Black "Andriasian, Zaven"]
[Result "1-0"]
[WhiteTitle "GM"]
[BlackTitle "GM"]
[WhiteElo "2662"]
[BlackElo "2611"]
[WhiteFideId "24130737"]
[BlackFideId "13302000"]
[EventDate "2014.06.16"]

1. d4 d5 2. c4 c6 3. Nf3 Nf6 4. e3 Bg4 5. h3 Bxf3 6. Qxf3 e6 7. Nc3 Nbd7 8. Bd2
Bb4 9. cxd5 cxd5 10. Bd3 O-O 11. O-O Rc8 12. a3 Ba5 13. Rfd1 Re8 14. Be1 h6 15.
Qe2 a6 16. Rac1 Bc7 17. f4 Bd6 18. g4 Nh7 19. Kh1 g6 20. Bf2 b5 21. Rg1 Ndf6 22.
a4 b4 23. Nb1 a5 24. Nd2 Rxc1 25. Rxc1 Kg7 26. Nb3 Re7 27. Rc6 Rc7 28. Ra6 Ne4
29. Be1 g5 30. fxg5 Nhxg5 31. h4 Nh7 32. Bxe4 dxe4 33. Rxa5 Qc8 34. Qa6 Qd8 35.
Qf1 Rc2 36. Ra7 Bc7 37. Bg3 Nf6 38. Rxc7 Rxc7 39. Be5 Rc2 40. Nc5 b3 41. Qf4
Rxb2 42. Nxe4 Qd5 43. Kg1 Rc2 44. Qxf6+ Kf8 45. Bd6+ Kg8 46. Qd8+ Kg7 47. Bf8+
Kh7 48. Nf6+ Kg6 49. Nxd5 1-0

[Event "FIDE World Rapid 2014"]
[Site "Dubai UAE"]
[Date "2014.06.17"]
[Round "9.36"]
[White "Ringoir, Tanguy"]
[Black "Cheparinov, Ivan"]
[Result "0-1"]
[WhiteTitle "IM"]
[BlackTitle "GM"]
[WhiteElo "2506"]
[BlackElo "2682"]
[WhiteFideId "208027"]
[BlackFideId "2905540"]
[EventDate "2014.06.16"]

1. d4 Nf6 2. c4 g6 3. Nc3 Bg7 4. e4 d6 5. f3 O-O 6. Be3 c5 7. Nge2 Nc6 8. d5 Ne5
9. Ng3 h5 10. Be2 h4 11. Nf1 e6 12. Nd2 h3 13. g3 a6 14. a4 exd5 15. cxd5 Bd7
16. O-O b5 17. axb5 axb5 18. Rxa8 Qxa8 19. Nxb5 Bxb5 20. Bxb5 Rb8 21. Be2 Rxb2
22. f4 Qa3 23. Bf2 Rxd2 24. Qxd2 Qf3 0-1

[Event "FIDE World Rapid 2014"]
[Site "Dubai UAE"]
[Date "2014.06.17"]
[Round "9.37"]
[White "Moradiabadi, Elshan"]
[Black "Maletin, Pavel"]
[Result "1/2-1/2"]
[WhiteTitle "GM"]
[BlackTitle "GM"]
[WhiteElo "2586"]
[BlackElo "2588"]
[WhiteFideId "12501255"]
[BlackFideId "4146786"]
[EventDate "2014.06.16"]

1. d4 Nf6 2. c4 e6 3. Nc3 Bb4 4. g3 O-O 5. Bg2 d5 6. Nf3 dxc4 7. O-O Nc6 8. Bg5
h6 9. Bxf6 Qxf6 10. e3 Rd8 11. Nd2 e5 12. d5 Na5 13. Rc1 Bxc3 14. Rxc3 b5 15.
Qh5 Bb7 16. e4 Re8 17. b4 cxb3 18. axb3 Qb6 19. b4 Nc4 20. Nxc4 bxc4 21. Rxc4 c6
22. Rfc1 cxd5 23. exd5 Rac8 24. Qf5 Rxc4 25. Rxc4 Qd6 26. Rc5 g6 27. Qe4 Re7 28.
h4 f5 29. Qe3 Kg7 30. Rb5 Ba8 31. Qc5 Rd7 32. Ra5 a6 33. Qc3 Bb7 34. f4 Kf6 35.
Rc5 g5 36. hxg5+ hxg5 37. fxg5+ Kxg5 38. Qe3+ Kg6 39. g4 f4 40. Qe4+ Kg7 41. Qf5
Rf7 42. Qg5+ Kf8 43. Bf3 e4 44. Bxe4 f3 45. Kf1 a5 46. Rxa5 Qb6 47. Bd3 Qd4 48.
Qd8+ Kg7 49. Qg5+ Kf8 50. Qd8+ Kg7 1/2-1/2

[Event "FIDE World Rapid 2014"]
[Site "Dubai UAE"]
[Date "2014.06.17"]
[Round "9.38"]
[White "Sokolov, Ivan"]
[Black "Fier, Alexandr"]
[Result "1-0"]
[WhiteTitle "GM"]
[BlackTitle "GM"]
[WhiteElo "2650"]
[BlackElo "2580"]
[WhiteFideId "14400030"]
[BlackFideId "2107139"]
[EventDate "2014.06.16"]

1. d4 Nf6 2. c4 c5 3. d5 e6 4. Nc3 exd5 5. cxd5 d6 6. Nf3 g6 7. h3 Bg7 8. Bf4
O-O 9. e3 a6 10. a4 Re8 11. Nd2 Nbd7 12. Nc4 Ne4 13. Nxe4 Rxe4 14. Bd3 Rxc4 15.
Bxc4 Bxb2 16. Rb1 Bc3+ 17. Ke2 b5 18. axb5 axb5 19. Bxb5 Ra2+ 20. Kf1 Ne5 21.
Bxe5 Bxe5 22. Bc4 Ra3 23. g4 f5 24. Kg2 f4 25. exf4 Bxf4 26. Rb3 Ra2 27. Rb8 Ra3
28. Qe2 Qf8 29. Rhb1 Be5 30. R1b3 Rxb3 31. Bxb3 Kg7 32. Qf3 Qxf3+ 33. Kxf3 Ba6
34. Bc2 h6 35. h4 Bc4 36. Be4 g5 37. h5 Ba2 38. Re8 c4 39. Bc2 Bb3 40. Bxb3 cxb3
41. Ke4 b2 42. Rb8 Kf6 43. Rb6 1-0

[Event "FIDE World Rapid 2014"]
[Site "Dubai UAE"]
[Date "2014.06.17"]
[Round "9.39"]
[White "Mchedlishvili, Mikheil"]
[Black "Debashis, Das"]
[Result "1-0"]
[WhiteTitle "GM"]
[BlackTitle "GM"]
[WhiteElo "2632"]
[BlackElo "2484"]
[WhiteFideId "13600966"]
[BlackFideId "5024854"]
[EventDate "2014.06.16"]

1. Nf3 Nf6 2. g3 d5 3. Bg2 c6 4. c4 Bg4 5. Ne5 Be6 6. cxd5 Bxd5 7. Nf3 e5 8. Nc3
Bxf3 9. Bxf3 Nbd7 10. d3 Bc5 11. O-O O-O 12. Qc2 Qe7 13. a3 a5 14. Bd2 h6 15. e3
Rfd8 16. Rad1 Nf8 17. Rfe1 Ne6 18. Bg2 Qc7 19. h4 Bf8 20. Ne2 Nd5 21. Bc1 Nf6
22. Bh3 Re8 23. e4 Qb6 24. Bxe6 Rxe6 25. Be3 Qa6 26. f3 c5 27. a4 Rd8 28. Nc3 b6
29. Nb5 Qb7 30. Na3 Ne8 31. Qb3 Nc7 32. Nc4 Qc6 33. Bd2 Na6 34. Bc3 Qc7 35. Ne3
Nb4 36. Bxb4 cxb4 37. Rc1 Bc5 38. Kg2 Qd7 39. Nd5 Kh8 40. g4 Rg6 41. d4 exd4 42.
Nf4 Rc6 43. Nd3 Qe7 44. h5 Rdc8 45. Qd5 Kg8 46. e5 Qe6 47. Qxe6 Rxe6 48. Rc4 f6
49. f4 fxe5 50. fxe5 Rd8 51. Kf3 g6 52. Ke4 gxh5 53. gxh5 Rde8 54. Rf1 Kg7 55.
Rc2 Rd8 56. Rg2+ Kh8 57. Rf7 Re7 58. Rf6 Rg7 59. Rxh6+ Kg8 60. Rhg6 Rxg6 61.
Rxg6+ Kf7 62. Rf6+ Ke7 63. b3 Rg8 64. Rg6 Rd8 65. h6 1-0